<?xml version="1.0" encoding="UTF-8"?><?xml-stylesheet type="text/xsl" href="static/style.xsl"?><OAI-PMH xmlns="http://www.openarchives.org/OAI/2.0/" xmlns:xsi="http://www.w3.org/2001/XMLSchema-instance" xsi:schemaLocation="http://www.openarchives.org/OAI/2.0/ http://www.openarchives.org/OAI/2.0/OAI-PMH.xsd"><responseDate>2026-04-13T16:54:43Z</responseDate><request verb="GetRecord" identifier="oai:www.recercat.cat:2117/21643" metadataPrefix="marc">https://recercat.cat/oai/request</request><GetRecord><record><header><identifier>oai:recercat.cat:2117/21643</identifier><datestamp>2025-07-17T00:50:14Z</datestamp><setSpec>com_2072_1033</setSpec><setSpec>col_2072_452950</setSpec></header><metadata><record xmlns="http://www.loc.gov/MARC21/slim" xmlns:dcterms="http://purl.org/dc/terms/" xmlns:xsi="http://www.w3.org/2001/XMLSchema-instance" xmlns:doc="http://www.lyncode.com/xoai" xsi:schemaLocation="http://www.loc.gov/MARC21/slim http://www.loc.gov/standards/marcxml/schema/MARC21slim.xsd">
   <leader>00925njm 22002777a 4500</leader>
   <datafield ind2=" " ind1=" " tag="042">
      <subfield code="a">dc</subfield>
   </datafield>
   <datafield ind2=" " ind1=" " tag="720">
      <subfield code="a">Cremades Oliver, Lázaro Vicente</subfield>
      <subfield code="e">author</subfield>
   </datafield>
   <datafield ind2=" " ind1=" " tag="260">
      <subfield code="c">2012</subfield>
   </datafield>
   <datafield ind2=" " ind1=" " tag="520">
      <subfield code="a">La investigación se basó en estudios descriptivos&#xd;
y correlacionales, utilizando el método de estudio de&#xd;
casos para explorar el comportamiento de los factores&#xd;
predictivos de la cultura de seguridad, agrupados en&#xd;
10 dimensiones, que hacen énfasis en el liderazgo en&#xd;
seguridad como variable interviniente en correlación&#xd;
con el desempeño en seguridad de los trabajadores, y&#xd;
medir los cambios de los comportamientos seguro de&#xd;
los trabajadores, cuando los supervisores y mandos&#xd;
medios transforman sus conductas y motivan la&#xd;
aparición de un cambio cultural. Se emplearon dos&#xd;
tipos de cuestionarios, para evaluar la cultura y&#xd;
prácticas que caracterizan el liderazgo en seguridad&#xd;
desde la visión y acción de la alta gerencia, los gerentes&#xd;
de nivel medio, supervisores y los profesionales&#xd;
que gestionan la seguridad. La investigación exigió&#xd;
modificar el estado de las dimensiones de la cultura&#xd;
y liderazgo en seguridad, con un análisis de su&#xd;
impacto en la efectividad del Proceso de Gestión de&#xd;
la Seguridad Basada en los Comportamientos</subfield>
   </datafield>
   <datafield ind2=" " ind1=" " tag="520">
      <subfield code="a">Postprint (published version)</subfield>
   </datafield>
   <datafield tag="653" ind2=" " ind1=" ">
      <subfield code="a">Àrees temàtiques de la UPC::Economia i organització d'empreses::Seguretat industrial</subfield>
   </datafield>
   <datafield tag="653" ind2=" " ind1=" ">
      <subfield code="a">Industrial safety</subfield>
   </datafield>
   <datafield tag="653" ind2=" " ind1=" ">
      <subfield code="a">Gerencia</subfield>
   </datafield>
   <datafield tag="653" ind2=" " ind1=" ">
      <subfield code="a">Seguridad industrial</subfield>
   </datafield>
   <datafield tag="653" ind2=" " ind1=" ">
      <subfield code="a">Conducta</subfield>
   </datafield>
   <datafield tag="653" ind2=" " ind1=" ">
      <subfield code="a">Seguretat en el treball</subfield>
   </datafield>
   <datafield ind2="0" ind1="0" tag="245">
      <subfield code="a">Liderazgo y cultura en seguridad: su influencia en los comportamientos de trabajo seguros de los trabajadores</subfield>
   </datafield>
</record></metadata></record></GetRecord></OAI-PMH>